| 000 | 00956nam a22002897a 4500 | ||
|---|---|---|---|
| 003 | CHAP | ||
| 005 | 20220329133734.0 | ||
| 008 | 971013s1985 r 00010 d | ||
| 010 | _a10154 | ||
| 011 | _a11126 | ||
| 035 | _a10364 | ||
| 040 | _cCHAP | ||
| 082 |
_a333.332 _bC3 1985 |
||
| 100 | 0 | 0 |
_aCaballer Mellado, Vicente. _916535 |
| 245 |
_aValoración agraria _b: teoría y práctica |
||
| 260 |
_aMadrid : _bMundi-Prensa, _c1985 |
||
| 300 | _a461 p | ||
| 590 |
_aBATCH-UPD _b10 _c20130110 _lUCH01 _h1809 |
||
| 590 |
_aBATCH-UPD _b10 _c20130410 _lUCH01 _h1144 |
||
| 590 |
_aBATCH-UPD _b10 _c20130914 _lUCH01 _h2046 |
||
| 590 |
_aCONVERSION _b10 _c20130109 _lUCH01 _h1306 |
||
| 650 | 1 | 4 |
_aTierras _xValoración. _9113268 |
| 901 | _aBK | ||
| 942 | _cLIBRO | ||
| 949 |
_a333.332 C3 1985 _bBC _cLIBRO _d33724000340725 _eLIBRO _gI.132461 _h68554 _i10364 _si _t22.28 |
||
| 949 |
_a333.332 C3 1985 _bBC _cLIBRO _d33724000340816 _eLIBRO _fc.2 _gI.132462 _h68555 _i10364 _si _t22.28 |
||
| 999 |
_c10154 _d10154 |
||